000 01040nam a2200229Ii 4500
003 JO-AjNU
008 230605s9999||||xx |||||||||||||| ||und||
017 _a2018/4/1903
020 _a978- 9957- 642-83-9
040 _aJO-AjNU
_bara
_erda
_cJO-AjNU
041 _aara
050 1 4 _aK2146 2019
100 3 _aالرقاد، نواف ممدوح,
_eauthor
_959152
245 0 0 _aسلطة القاضي التقديرية في الإثبات في المواد المدنية والتجارية : دراسة مقارنة
250 _aط1
264 3 1 _aعمان: الدار العلمية الدولية للنشر والتوزيع؛ دار الثقافة للنشر والتوزيع، 2019
300 _a287ص
_bيحتوي على مراجع من ص 267- 287ويحتوي على مجموعة الرسائل الجامعية
336 _atext
_btxt
_2rdacontent
337 _aunmediated
_bn
_2rdamedia
338 _avolume
_bnc
_2rdacarrier
650 4 _aالسلطة القضائية - المحاكم - القانون المدني
_959153
999 _aA26604
_c30172
_d30172